ბათუმის შოთა რუსთაველის სახელმწიფო უნივერსიტეტის ბიბლიოთეკა

საქართველოს ბანკთაშორისი კონკურენციის შეფასების სისტემისა და რეგულირების მექანიზმების ფორმირება : (ბიბ.ჩანაწერი № 56191)

000 -ლიდერი
ფიქსირებული სიგრძის საკონტროლო ველი 01488nam a2200265Ia 4500
001 - საკონტროლო ნომერი
საკონტროლო ველი 23292
003 - საკონტროლო ნომრის იდენტიფიკატორი
საკონტროლო ველი GE_BSU
005 - ბოლო ოპერაციის თარიღი და დრო
საკონტროლო ველი 20230728113450.0
008 - ფიქსირებული სიგრძის მონაცემთა ელემენტები - ზოგადი ინფორმაცია
ფიქსირებული სიგრძის საკონტროლო ველი 181216s2018||||ge |||||||||||||| ||geo||
020 ## - წიგნის საერთაშორისო სტანდარტული ნომერი
International Standard Book Number 9789941262791
040 ## - კატალოგიზაციის წყარო
Transcribing agency GE_BSU
041 ## - ენის კოდი
Language code of text/sound track or separate title geo
080 ## - უნივერსალური ათობითი კლასიფიკაციის ინდექსი
Universal Decimal Classification number 336.71 ბ-52
100 ## - მთავარი ჩანაწერი - პიროვნების სახელი
Personal name ბერიძე, ლაშა
9 (RLIN) 19551
245 ## - ცნობა სათაურის შესახებ
Title საქართველოს ბანკთაშორისი კონკურენციის შეფასების სისტემისა და რეგულირების მექანიზმების ფორმირება :
Remainder of title მონოგრაფია /
Statement of responsibility, etc ლაშა ბერიძე ; რედაქტორი ლია ელიავა.
264 ## - წარმოების, გამოცემის, დისტრიბუციის და სხვა ცნობები
გამოცემის, წარმოების, დისტრიბუციის... ადგილი თბილისი :
გამოცემის, წარმოების, დისტრიბუციის... სახელწოდება უნივერსალი,
გამოცემის, წარმოების, დისტრიბუციის... თარიღი 2018.
300 ## - ფიზიკური აღწერა
Extent 236 გვ. :
Other physical details ცხრ. ;
Dimensions 20 სმ.
504 ## - BIBLIOGRAPHY, ETC. NOTE
Bibliography, etc ბიბლიოგრ. : გვ. 223-234
520 ## - SUMMARY, ETC.
Summary, etc რეზიუმე ინგლისურ ენაზე
653 ## - INDEX TERM--UNCONTROLLED
Uncontrolled term მონოგრაფია
653 ## - INDEX TERM--UNCONTROLLED
Uncontrolled term საქართველოს ბანკთაშორისი კონკურენციის შეფასების სისტემისა და რეგულირების მექანიზმების ფორმირება
700 ## - ADDED ENTRY--PERSONAL NAME
Personal name ელიავა, ლია
Relator term რედაქტორი
9 (RLIN) 14152
942 ## - ADDED ENTRY ELEMENTS (KOHA)
Koha item type წიგნი
Source of classification or shelving scheme
ეგზემპლარები
ჩამოწერის სტატუსი დაკარგული ეგზემპლარის სტატუსი კლასიფიკაციის წყარო ან თაროზე გაწყობის სქემა დაზიანების სტატუსი არ გაიცემა მუდმივი მდებარეობა (დაცვის ადგილი) ამჟამინდელი ადგილსამყოფელი თაროზე განთავსების ადგილი შეძენის თარიღი ღირებულება, შესყიდვის ნორმალური ფასი სრული შენახვის შიფრი შტრიხკოდი ბოლო ოპერაციის თარიღი ეგზემპლარის მიმდევრობითი ნომერი (კეტერი?) ფასის ძალაში შესვლის თარიღი ეგზემპლარის სახეობა საჯარო შენიშვნა
          ბათუმის შოთა რუსთაველის სახელმწიფო უნივერსიტეტის მთავარი ბიბლიოთეკა ბათუმის შოთა რუსთაველის სახელმწიფო უნივერსიტეტის მთავარი ბიბლიოთეკა წიგნსაცავი 2018-12-17 7.00 336.71 ბ-52 58716 2018-12-17 58716 2018-12-17 წიგნი 7.00 ₾.
          ბათუმის შოთა რუსთაველის სახელმწიფო უნივერსიტეტის მთავარი ბიბლიოთეკა ბათუმის შოთა რუსთაველის სახელმწიფო უნივერსიტეტის მთავარი ბიბლიოთეკა წიგნსაცავი 2018-12-17 7.00 336.71 ბ-52 58717 2018-12-17 58717 2018-12-17 წიგნი 7.00 ₾.